000 00448nam a2200193 a 4500
001 1762256540665
003 ACL
005 20251104171501.0
008 251104s2005##################000#0#eng##
020 _a9780077111212
082 0 4 _a658.3111
_bGRO
100 1 _aGrout, Jeff,
_eauthor.
245 1 0 _aRecruiting Excellence :
260 _c2005.
300 _a242 pages
650 0 _aEmployees.
942 _cENGLISH
040 _aACL
_beng
_cACL
999 _c595682
_d595682